1 lettre, 1 animal (2) - Statistiques

Statistiques générales
  • Ce quiz a été pris 96 fois
    93 depuis la dernière actualisation
  • Le résultat moyen est 10 sur 10
Statistiques - réponses
Hint Réponse % Correct
Bingo Dingo
98%
Panard Canard
97%
Corbeille Corneille
97%
Cheville Chenille
96%
Briquet Criquet
96%
Crade Crabe
94%
Chapeau Crapeau
94%
Paille Caille
93%
Chut Chat
93%
Câlin Colin
93%
Aucun quiz correspondant
Distribution des résultats
% des personnes avec chaque résultat
Percentile par nombre de réponses
Votre historique - résultats
Vous n’avez pas pris ce quiz depuis la dernière actualisation